Políticas educativas en México (Record no. 168943)

MARC details
000 -LEADER
fixed length control field 00996nam a22002417a 4500
005 - DATE AND TIME OF LATEST TRANSACTION
control field 20231109113957.0
008 - FIXED-LENGTH DATA ELEMENTS--GENERAL INFORMATION
fixed length control field 231109b mx |||||||| |||| 00| 0 spa d
020 ## - INTERNATIONAL STANDARD BOOK NUMBER
International Standard Book Number 9685087717
050 04 - LIBRARY OF CONGRESS CALL NUMBER
Classification number LC92.M4
Item number A75 2005
100 1# - MAIN ENTRY--PERSONAL NAME
Personal name Arias Castañeda, Eduardo
245 10 - TITLE STATEMENT
Title Políticas educativas en México
Remainder of title : tres momentos en la historia tres visiones desde la filosofía
Statement of responsibility, etc / Eduardo Arias Castañeda, Miguel Bazdresch Parada, Xavier Vargas Beal ; coordinador Cristina Cárdenas Castillo,
250 ## - EDITION STATEMENT
Edition statement 1a ed.
260 ## - PUBLICATION, DISTRIBUTION, ETC. (IMPRINT)
Place of publication, distribution, etc México :
Name of publisher, distributor, etc Iteso,
Date of publication, distribution, etc 2005
300 ## - PHYSICAL DESCRIPTION
Extent 129 p. ;
Dimensions 23 cm.
500 ## - GENERAL NOTE
General note # 662 Donacion: Dr. Rafael Mendoza 6/JUL./2021
504 ## - BIBLIOGRAPHY, ETC. NOTE
Bibliography, etc Incluye bibliografía
650 #7 - SUBJECT ADDED ENTRY--TOPICAL TERM
Topical term or geographic name as entry element Política educativa
Geographic subdivision México
Chronological subdivision Siglo XX
Source of heading or term Librunam
650 #7 - SUBJECT ADDED ENTRY--TOPICAL TERM
Topical term or geographic name as entry element Educación
General subdivision Filosofía
Geographic subdivision México
Source of heading or term Librunam
700 1# - ADDED ENTRY--PERSONAL NAME
Personal name coordinador Cristina Cárdenas Castillo,
700 1# - ADDED ENTRY--PERSONAL NAME
Personal name Bazdresch Parada, Miguel
Relator term coaut.
710 ## - ADDED ENTRY--CORPORATE NAME
Corporate name or jurisdiction name as entry element Cárdenas Castillo, Cristina
Relator term coordinador
942 ## - ADDED ENTRY ELEMENTS (KOHA)
Source of classification or shelving scheme Biblioteca del Cogreso de los Estados Unidos
Koha item type Libro
Holdings
Estado de pérdida Fuente de clasificación Estado del daño No para préstamo Ubicación permanente Ubicación actual Apartado o colección Fecha de adquisición Edición Área del conocimiento Total Checkouts Clasificación Código de Barras Date last seen Número de copia Costo por reposición Tipo de recurso
  Biblioteca del Cogreso de los Estados Unidos     Biblioteca de la Facultad de Filosofía Biblioteca de la Facultad de Filosofía General 09/11/2023 1a ed. Educación y Humanidades   LC92.M4 A75 2005 BFF000040619 09/11/2023 C:1 1.00 Libro